000
00221nam a22000857a 4500
008
161108b xxu||||| |||| 00| 0 eng d
100
_9
1096
_a
Blyton.E.
245
_a
Five on Kirrin Island again-6
260
_a
London
_b
Hodder
_c
2004
999
_c
3757
_d
3757